000 00807nam a22002777a 4500
001 9769
003 FISKH
005 20260213112924.0
008 260213b cb ||||| |||| 00| 0 eng d
020 _a9780545256759
020 _a0545256755
040 _aFISKH
_beng
_cFISKH
_dFISKH
082 _a416
100 _aCharlesworth , Liza
245 _aWhat jumps? /
_cBy Liza Charlesworth
260 _aNew York :
_bScholastic ,
_c2010 .
300 _a8 pages :
_bcolor illustrations ;
_c14 X 14 cm .
490 _aFirst Little Readers
_vLevel B
505 _aB
520 _a"Just the right level for beginning readers"--Container.
521 8 _a100 BR
_bLexile
521 8 _aB
_bRaz-Plus
700 _aKennedy , Anne
_eIllustrator
942 _2ddc
_cBK
_n0
999 _c9769
_d9769